[Event "Swiss Queens Wed #6"]
[Site "FIDE Online Arena INT"]
[Date "2024.03.06"]
[Round "8"]
[White "Shubenkova, Veronika"]
[Black "Batsiashvili, Nino"]
[Result "1/2-1/2"]
[WhiteElo "2007"]
[BlackElo "2450"]
[PlyCount "48"]
[EventDate "2024.03.06"]
[EventType "swiss (blitz)"]
[EventRounds "11"]
[EventCountry "NET"]
[SourceTitle "CB11_2024"]
[SourceDate "2024.03.13"]
[SourceVersion "1"]
[SourceVersionDate "2024.03.13"]
[SourceQuality "1"]

1. d4 Nf6 2. e3 d5 3. f4 Bf5 4. Nf3 e6 5. Bd3 Bd6 6. 0-0 0-0 7. c3 c5 8. Ne5 Nc6 9. h3 c4 10. Bc2 Bxc2 11. Qxc2 Ne4 12. Nd2 f5 13. Nxe4 fxe4 14. Nxc6 bxc6 15. b3 cxb3 16. axb3 a5 17. Ba3 Rf7 18. c4 Rb7 19. Bxd6 Qxd6 20. Ra4 Rab8 21. Rb1 Rb4 22. c5 Qc7 23. Rxb4 Rxb4 24. Ra1 h6 1/2-1/2

[Event "GEO-ch (Women) 81st"]
[Site "Tbilisi"]
[Date "2024.02.12"]
[Round "4"]
[White "Mgeladze, Kesaria"]
[Black "Batsiashvili, Nino"]
[Result "0-1"]
[WhiteElo "2040"]
[BlackElo "2447"]
[PlyCount "96"]
[EventDate "2024.02.09"]
[EventType "tourn"]
[EventRounds "9"]
[EventCountry "GEO"]
[SourceTitle "CB08_2024"]
[SourceDate "2024.02.21"]
[SourceVersion "1"]
[SourceVersionDate "2024.02.21"]
[SourceQuality "1"]

1. e4 c6 2. Nf3 d5 3. Nc3 dxe4 4. Nxe4 Nf6 5. Qe2 Nxe4 6. Qxe4 Nd7 7. Bc4 Nf6 8. Ne5 e6 9. Qe2 b5 10. Bd3 Qc7 11. a4 Bd6 12. Nxc6 b4 13. Nd4 a6 14. Nf5 Bb7 15. Nxd6+ Qxd6 16. 0-0 h5 17. Qe3 Rd8 18. Be2 Rh6 19. Bf3 Ng4 20. Bxg4 hxg4 21. Qg3 Qxg3 22. fxg3 Ke7 23. d3 Rh5 24. Bd2 a5 25. Rf4 Rdh8 26. Raf1 f5 27. Kf2 Rxh2 28. Rg1 Bd5 29. c4 Bc6 30. Rd4 e5 31. Bg5+ Ke6 32. Rd8 Bxa4 33. Rd5 Bc6 34. Rxa5 Ra8 35. Rxa8 Bxa8 36. b3 Bc6 37. Bd2 Rh8 38. Re1 Rd8 39. Re3 g5 40. Bxb4 f4 41. gxf4 gxf4 42. Re2 Rxd3 43. Ba5 e4 44. b4 e3+ 45. Ke1 f3 46. gxf3 gxf3 47. Ra2 f2+ 48. Ke2 Rd1 0-1

[Event "EU-ch Blitz (Women)"]
[Site "Monaco"]
[Date "2024.01.12"]
[Round "11"]
[White "Hunt, Harriet"]
[Black "Batsiashvili, Nino"]
[Result "0-1"]
[WhiteElo "2306"]
[BlackElo "2451"]
[PlyCount "106"]
[EventDate "2024.01.12"]
[EventType "swiss (blitz)"]
[EventRounds "13"]
[EventCountry "MNC"]
[SourceTitle "CB03_2024"]
[SourceDate "2024.01.17"]
[SourceVersion "1"]
[SourceVersionDate "2024.01.17"]
[SourceQuality "1"]

1. e4 e5 2. Nf3 Nc6 3. Bb5 a6 4. Ba4 Nge7 5. c3 f6 6. d4 d5 7. dxe5 dxe4 8. Qxd8+ Kxd8 9. exf6 gxf6 10. Nfd2 f5 11. 0-0 Be6 12. Rd1 Kc8 13. Nf1 Bg7 14. Nbd2 Nd5 15. Bxc6 bxc6 16. Nb3 a5 17. Ng3 Rf8 18. Nc5 Bg8 19. a4 Be5 20. Re1 Bd6 21. Nb3 Nxc3 22. Nd4 Nd5 23. Ngxf5 Nb4 24. Bh6 Re8 25. Nxd6+ cxd6 26. Bf4 d5 27. Bg3 Kb7 28. Rad1 Rac8 29. Nb3 c5 30. Nxa5+ Kb6 31. Nb3 d4 32. Nd2 Bd5 33. Re2 d3 34. Ree1 Nc2 35. Rf1 Ka5 36. b3 Kb4 37. Bf4 Nd4 38. Rfe1 Ne2+ 39. Rxe2 dxe2 40. Re1 Bxb3 41. Rxe2 Bd5 42. Re3 Kxa4 43. g4 Rc6 44. Nb1 Kb4 45. Nc3 Bc4 46. Nxe4 Rce6 47. f3 Bd5 48. Kf2 Bxe4 49. fxe4 Rxe4 50. Rf3 c4 51. Kg3 c3 52. Bc1 Re1 53. Bf4 c2 0-1